| 000 | 00713cam a2200241 4500 | ||
|---|---|---|---|
| 008 | 090401t1990 xxu||||| |||| 00| 0 eng d | ||
| 020 | _a0854064753 | ||
| 035 | _a(Sirsi) u51915 | ||
| 041 | _aeng | ||
| 050 | _a711.4 | ||
| 090 | _aRICS 1990/50ABCD | ||
| 110 |
_aRoyal Institution of Chartered Surveyors _94900 |
||
| 245 | _aLocal plans guidance notes: guidance notes for local planning authorities seeking consultancy services in the preparation of statutory development plans | ||
| 260 |
_aLondon _bRICS Books _c1990 |
||
| 300 | _a7p. ; 30cm. | ||
| 350 | _a5.25 | ||
| 650 | _aCONSULTANTS | ||
| 650 | _aGUIDANCE NOTES | ||
| 650 | _aPLANNING | ||
| 650 | _aRICS | ||
| 942 | _n0 | ||
| 948 | _c04/03/1997 | ||
| 999 |
_c92970 _d92970 |
||